Statistics for Top NFL Quarterbacks by Decade

Click here to take the quiz!

General Stats

  • This quiz has been taken 21,241 times
    (9,588 since last reset)
  • The average score is 30 of 60

Answer Stats

DecadeYardsQuarterback% Correct
2020s14,643Tom Brady
99%
2000s30,844Tom Brady
99%
2010s43,727Tom Brady
99%
2020s14,829Patrick Mahomes
96%
2010s38,379Eli Manning
89%
2000s42,254Peyton Manning
89%
2010s46,770Drew Brees
88%
2000s30,646Drew Brees
88%
1970s16,568Archie Manning
86%
2020s12,109Aaron Rodgers
85%
2010s38,145Aaron Rodgers
85%
1980s30,958Joe Montana
79%
2020s13,234Josh Allen
78%
2010s37,243Ben Roethlisberger
73%
2020s11,774Joe Burrow
72%
1990s30,894Brett Favre
71%
2000s38,435Brett Favre
71%
1990s33,508Dan Marino
70%
1980s27,853Dan Marino
70%
1990s27,656Steve Young
69%
2010s44,320Philip Rivers
67%
2020s14,089Justin Herbert
65%
2010s38,758Matthew Stafford
65%
2020s11,606Matt Ryan
64%
2010s44,830Matt Ryan
64%
1990s30,280John Elway
57%
1980s21,195John Elway
57%
1970s19,918Terry Bradshaw
54%
2020s13,033Kirk Cousins
53%
2020s12,429Derek Carr
52%
1990s29,561Troy Aikman
52%
2020s11,635Jared Goff
50%
2010s33,483Joe Flacco
47%
2000s27,952Kurt Warner
43%
1990s30,817Warren Moon
42%
1970s22,279Roger Staubach
41%
2000s31,925Donovan McNabb
40%
2010s31,594Andy Dalton
36%
1970s23,863Fran Tarkenton
34%
1990s25,966Drew Bledsoe
32%
2000s24,153Daunte Culpepper
28%
1980s28,301Dan Fouts
25%
1980s24,492Phil Simms
24%
1970s19,078Ken Stabler
21%
1990s25,121Vinny Testaverde
21%
2000s26,537Matt Hasselbeck
20%
1970s18,129Bob Griese
19%
1970s20,030Ken Anderson
19%
2000s25,034Trent Green
15%
2000s26,792Kerry Collins
13%
1980s21,229Danny White
12%
1970s23,026Jim Hart
11%
1980s20,132Ron Jaworski
11%
1990s23,481Jim Everett
10%
1990s26,045Jeff George
9%
1980s20,858Dave Krieg
8%
1980s22,771Neil Lomax
7%
1970s17,623Craig Morton
6%
1980s20,903Tommy Kramer
6%
1970s16,864Dan Pastorini
5%

Score Distribution

Percentile by Number Answered

Percent of People with Each Score

Your Score History

You have not taken this quiz since the last reset